Κατάλογος Βιβλιοθηκών Mediterranean College

Performance assessment in strength and conditioning / (Record no. 9925)

MARC details
000 -LEADER
fixed length control field 02716nam a22002657a 4500
005 - ΗΜΕΡΟΜΗΝΙΑ ΚΑΙ ΩΡΑ ΤΕΛΕΥΤΑΙΑΣ ΕΝΗΜΕΡΩΣΗΣ
Πεδίο ελέγχου 20250904120706.0
006 - FIXED-LENGTH DATA ELEMENTS--ADDITIONAL MATERIAL CHARACTERISTICS
Πεδίο ελέγχου σταθερού μήκους
008 - FIXED-LENGTH DATA ELEMENTS--GENERAL INFORMATION
Πεδίο ελέγχου σταθερού μήκους s2019 enk |b 001 0 eng||
020 ## - ISBN
ISBN 9780415789387
040 ## - ΠΗΓΗ ΚΑΤΑΛΟΓΟΓΡΑΦΗΣΗΣ
Φορέας πρωτότυπης καταλογογράφησης MC Athens Campus Library
Γλώσσα καταλογογράφησης Αγγλικά
245 00 - ΤΙΤΛΟΣ ΚΑΙ ΔΗΛΩΣΗ ΥΠΕΥΘΥΝΟΤΗΤΑΣ
Τίτλος Performance assessment in strength and conditioning /
Statement of responsibility, etc. edited by Paul Comfort, Paul A. Jones, and John J. McMahon.
264 #1 - PRODUCTION, PUBLICATION, DISTRIBUTION, MANUFACTURE, AND COPYRIGHT NOTICE
Place of production, publication, distribution, manufacture London ;
-- New York :
Name of producer, publisher, distributor, manufacturer Routledge, Taylor & Francis Group,
Date of production, publication, distribution, manufacture, or copyright notice 2019.
300 ## - PHYSICAL DESCRIPTION
Extent 361 p.:
Other physical details ill.;
Διαστάσεις 24 cm
504 ## - ΣΗΜΕΙΩΣΗ ΒΙΒΛΙΟΓΡΑΦΙΑΣ κλπ.
Σημείωση βιβλιογραφίας, κλπ. Includes bibliographical references and index.
505 0# - FORMATTED CONTENTS NOTE
Formatted contents note Ethical and health and safety issues / Steve Atkins -- Psychological issues during assessment of performance / Jon Radcliffe -- Reliability, validity and measurement error / Peter Mundy and Neil D. Clarke -- Standardisation of testing / John J. McMahon, Paul A. Jones, and Paul Comfort -- Structured testing vs. continual monitoring / Paul Comfort, Paul A. Jones, and Guy W. Hornsby -- Assessment of factors associated with injury risk / Lee C. Herrington, Allan G. Munro, and Paul A. Jones -- Vertical jump testing / John J. McMahon, Jason P. Lake, and Timothy J. Suchomel -- Sprint testing / Robert Lockie -- Change of direction and agility / Paul A. Jones and Sophia Nimphius -- Strength : isometric and dynamic testing / G. Greg Haff -- Assessment of power / Jason P. Lake and Peter Mundy -- Aerobic performance assessment / Fred J. DiMenna and Andrew M. Jones -- Body composition assessment / Carl Langan-Evans, James P. Morton and Graeme L. Close -- Combined assessment methods / Timothy J. Suchomel, John J. McMahon, and Jason P. Lake -- Interpretation of results / Jeremy A. Gentles, W. Guy Hornsby, and Michael H. Stone -- Presentation and communication of results / John J. McMahon and Peter Mundy -- Application to training / W. Guy Hornsby, Jeremy A. Gentles, and Michael H. Stone.
520 ## - SUMMARY, ETC.
Summary, etc. It is an essential skill for any strength and conditioning coach to be able to reliably assess the physical performance of their athletes and communicate the results and their implications to performers and coaches, alike. Performance Assessment in Strength and Conditioning is the first textbook to clearly and coherently suggest the most appropriate and reliable methods for assessing and monitoring athletes' performance, as well as including detailed sections on testing considerations and the interpretation and application of results.
588 ## - SOURCE OF DESCRIPTION NOTE
Source of description note Description based on print version record.
650 #0 - SUBJECT ADDED ENTRY--TOPICAL TERM
Topical term or geographic name entry element Physical education and training
9 (RLIN) 10090
650 #0 - SUBJECT ADDED ENTRY--TOPICAL TERM
Topical term or geographic name entry element Health & Sport
9 (RLIN) 10066
700 ## - ΠΡΟΣΘΕΤΗ ΑΝΑΓΡΑΦΗ--ΦΥΣΙΚΟ ΠΡΟΣΩΠΟ
Personal name Comfort, Paul
Σχέση Επιμελητής
9 (RLIN) 10091
700 ## - ΠΡΟΣΘΕΤΗ ΑΝΑΓΡΑΦΗ--ΦΥΣΙΚΟ ΠΡΟΣΩΠΟ
Personal name Jones, Paul Α.
Σχέση Επιμελητής
9 (RLIN) 10092
700 ## - ΠΡΟΣΘΕΤΗ ΑΝΑΓΡΑΦΗ--ΦΥΣΙΚΟ ΠΡΟΣΩΠΟ
Personal name McMahon, John J.
Σχέση Επιμελητής
9 (RLIN) 10093
942 ## - ADDED ENTRY ELEMENTS (KOHA)
Koha item type Books
Holdings
Τύπος τεκμηρίου Βιβλιοθήκη Τρέχουσα τοποθεσία Barcode Αριθμός εισαγωγής Ημερομηνία απόκτησης Ταξιθετικό σύμβολο Αριθμός αντιτύπου Κατάσταση απόσυρσης Κατάσταση χαμένου Κατάσταση κατεστραμμένου Μη δανεισμός Σύνολο δανεισμών Ημερομηνία τελευταίας εμφάνισης Η τιμή ισχύει από
Books MC Athens Campus Library MC Athens Campus Library 9780000098962 8075 04/09/2025 613.7 COM 1           04/09/2025 04/09/2025

MC Athens Campus Library
Πατησίων 94 & Κοδριγκτώνος 13, 104 34
Πελλήνης 8 & Πατησίων 107, 112 51
Τ: +30 210 8899600

MC Thessaloniki Campus Library
Ίωνος Δραγούμη 21, 54625 | Ίωνος Δραγούμη 15, 54625
Τ: +30 2310 287779 – Τ: +30 2314 440300